یا د ستا ن / (Record no. 148956)

MARC details
000 -LEADER
fixed length control field 00676nam a22001937a 4500
005 - DATE AND TIME OF LATEST TRANSACTION
control field 20230712124225.0
010 ## - LCCN (DPL NO)
LC control number UR-10006
020 ## - INTERNATIONAL STANDARD BOOK NUMBER
Terms of availability 250.00
International Standard Book Number -
035 ## - SYSTEM CONTROL NUMBER
System control number U-8561
037 ## - SOURCE OF ACQUISITION
Source of stock number/acquisition DBAD/PUB
082 ## - DEWEY DECIMAL CLASSIFICATION NUMBER
Classification number 841
100 ## - MAIN ENTRY--PERSONAL NAME
Personal name فا طمہ تا ج
245 ## - TITLE STATEMENT
Title یا د ستا ن /
Statement of responsibility, etc فا طمہ تا ج
246 ## - VARYING FORM OF TITLE
Remainder of title Yadistaan(Poetry) /
Title proper/short title by Fatima Taj
260 ## - PUBLICATION, DISTRIBUTION, ETC. (IMPRINT)
Place of publication, distribution, etc Delhi
Name of publisher, distributor, etc Educational Publishing House
Date of publication, distribution, etc 2016
270 ## - ADDRESS
Address 3191,Vakil Street,Kucha Pandit,Lal Kuan,
City Delhi
Postal code 110006
Telephone number 23214465
Fax number -
300 ## - PHYSICAL DESCRIPTION
Extent 128 ص
Dimensions 22cm(Hb)
942 ## - ADDED ENTRY ELEMENTS (KOHA)
Source of classification or shelving scheme Dewey Decimal Classification
Item type Urdu Bks
Classification part 841
Call number suffix ت ا ج
Holdings
Withdrawn status Lost status Not for loan Collection code Home library Current library Date acquired Source of acquisition Cost, normal purchase price Full call number Barcode Copy number Cost, replacement price Koha item type
      Non-fiction Ashok Vihar Ashok Vihar 06/01/2018 DBAD/PUB. 250.00 841 ت ا ج U-8561 1 250.00 Urdu Bks

© Delhi Public Library
Hit Counter
free hit counter